| 000 | 00981nam a22002177a 4500 | ||
|---|---|---|---|
| 005 | 20250723110814.0 | ||
| 010 | _aB-746841-843 E.N.A./7.11.22 ENG-146074 | ||
| 020 |
_a9789351252818 _c750.00 |
||
| 035 | _aEN-129606 | ||
| 037 | _bConcept Publishing Company PVY.LTD. | ||
| 037 | _bDBAD | ||
| 082 |
_a305.562 _21 |
||
| 245 |
_aDr. B.R. Ambedkar's Ideas and Thoughts/ _cEd. by Xavier P. Mao [and] Subhash C. Arya |
||
| 260 |
_aNew Delhi _bConcept Publishing Company PVY.LTD. _c2021 |
||
| 270 |
_aA/15-16,Commercial Block, Mohan Garden _bNew Delhi _e110059 _k91-11-41101460 |
||
| 300 |
_a193p. _c23cm(hbk) |
||
| 700 |
_aArya C. Subhash _eEditor _983160 |
||
| 700 |
_aMao, Xavier P. _eEditor _983161 |
||
| 942 |
_2ddc _cEN _mAMB _h305.562 |
||
| 999 |
_c194142 _d194142 |
||